| 000 | 01902nam a2200421 c 4500 | ||
|---|---|---|---|
| 003 | BLK | ||
| 005 | 20180427142738.0 | ||
| 008 | 180408b bul|||||r ||||||| ||bul|| | ||
| 010 | _aKNG00091241000 | ||
| 020 |
_a978-954-340-120-8 _bиздат.: Милениум |
||
| 040 | _aBLK | ||
| 041 |
_aBUL _cBUL |
||
| 080 |
_aВътрешна политика. Вж и 329 _b323 _x(497.2)(092) _z323(497.2)(092) |
||
| 080 |
_aСпециална част на наказателното право. Видове наказуеми действия - Срещу собствена или чужда държава и управлението, политически престъпления,геноцид(прав.аспекти), наркотрафик, против мира, обществен _b343.3/.7 _x(497.2)(092) _z343.3/.7(497.2)(092) |
||
| 080 |
_a _b929 Милтенов, Антон Петров _x _z929 Милтенов, Антон Петров |
||
| 139 |
_aТони Клюна _bМ 61 |
||
| 245 | 1 | 0 | _aТони Клюна |
| 257 | _aBGR | ||
| 260 |
_аСофия _bМилениум _c2008 _fСофия : Родина |
||
| 300 |
_a95 с. _bс ил. _c20 см |
||
| 380 | _a3 | ||
| 490 | 1 |
_aКолекция Убитите босове _v13 |
|
| 600 | 1 | 4 |
_aМилтенов, Антон Петров _9302324 |
| 650 | 4 |
_aМафия - България _9250884 |
|
| 650 | 4 |
_aПрестъпления и престъпници - България _9271494 |
|
| 650 | 4 |
_aМилтенов, Антон Петров (Тони Клюна) _9162225 |
|
| 651 | 4 |
_aБългария _9241624 |
|
| 653 | _aмафия | ||
| 653 | _aпрестъпления | ||
| 653 | _aпрестъпници | ||
| 653 | _aБългария | ||
| 653 | _aТони Клюна | ||
| 852 | _aЦб 245238 | ||
| 856 | 4 |
_qpdf _u |
|
| 856 | 4 |
_qpdf _u |
|
| 942 |
_cKNG _n0 _01 |
||
| 944 |
_aCR _c08.09.2009 _lф / _kЛюдмила_Стоянова |
||
| 944 |
_aED _c22.08.2011 _lф / _k |
||
| 999 |
_c86616 _d86616 |
||